书目信息 |
| 题名: |
动力基础半空间理论概论
|
|
| 作者: | 严人觉 著 | |
| 分册: | ||
| 出版信息: | 北京 中国建筑工业出版社 1981 |
|
| 页数: | 504页 | |
| 开本: | 21cm | |
| 丛书名: | ||
| 单 册: | ||
| 中图分类: | O313 | |
| 科图分类: | ||
| 主题词: | 理论力学 , 一般力学 | |
| 电子资源: | ||
| ISBN: | ||
| 000 | 00640nam0 2200241 45 | |
| 001 | 0181006470 | |
| 005 | 20060424103138.31 | |
| 010 | @dCNY2.95 | |
| 091 | @aCN@b15040.3902 | |
| 100 | @a19950324d1981 em y0chiy0121 ea | |
| 101 | 0 | @achi |
| 102 | @aCN@b110000 | |
| 105 | @ay z 000yy | |
| 200 | 10 | @a动力基础半空间理论概论@Adong li ji chu ban kong jian li lun gai lun@f严人觉等著 |
| 210 | @a北京@c中国建筑工业出版社@d1981 | |
| 215 | @a504页@d21cm | |
| 606 | 0 | @a理论力学 |
| 606 | 0 | @a一般力学 |
| 690 | @aO313@v3 | |
| 701 | 0 | @a严人觉@Ayan ren jue@4著 |
| 801 | 2 | @aCN@bNLC@c20060424 |
| 801 | 0 | @aCN@bTSSF |
| 905 | @a10447@dO313@e33 | |
| 动力基础半空间理论概论/严人觉等著.-北京:中国建筑工业出版社,1981 |
| 504页;21cm |
| ISBN :CNY2.95 |
| ● |
| 相关链接 |
|
|
|
|
正题名:动力基础半空间理论概论
索取号:O313/33
 
预约/预借
| 序号 | 登录号 | 条形码 | 馆藏地/架位号 | 状态 | 备注 |
| 1 | 0050347 | 202280682 | 密集书库/ [索取号:O313/33] | 在馆 | |
| 2 | 0050348 | 202280708 | 密集书库/ [索取号:O313/33] | 在馆 | |
| 3 | 0050349 | 202280691 | 密集书库/ [索取号:O313/33] | 在馆 |